[Event "Open Portugal 2019"]
[Site "Lisboa POR"]
[Date "2019.02.10"]
[Round "9.23"]
[White "Rego, Pedro"]
[Black "Campora, Daniel"]
[Result "1/2-1/2"]
[WhiteElo "2228"]
[BlackElo "2419"]
[WhiteFideId "1904310"]
[BlackFideId "100013"]
[WhiteTitle "FM"]
[BlackTitle "GM"]
[WhiteCountry "POR"]
[BlackCountry "ARG"]
[PlyCount "98"]

1. e4 e5 2. Nf3 Nc6 3. Nc3 Nf6 4. a3 d6 5. Bc4 Be7 6. d3 O-O 7. h3 Be6 8. Nd5
Bxd5 9. exd5 Nd4 10. Nxd4 exd4 11. O-O Nd7 12. Bd2 Bf6 13. f4 c6 14. Qf3 b5 15.
Bb3 c5 16. a4 a6 17. axb5 axb5 18. Qg4 Qc7 19. Kh2 h6 20. Rfe1 g6 21. Qe2 Kg7
22. Qf1 Bh4 23. g3 Bf6 24. h4 h5 25. Kg2 Rfe8 26. Rxe8 Rxe8 27. Ra6 Nb8 28. Ra1
Qd7 29. Re1 Rc8 30. c3 dxc3 31. Bxc3 Qf5 32. Qe2 Nd7 33. Qe4 b4 34. Qxf5 gxf5
35. Bxf6+ Nxf6 36. Ba4 Rc7 37. Bc6 Ra7 38. Kf3 Ra2 39. Rb1 Ng8 40. Bb5 Nf6 41.
Bc4 Ra7 42. Ke3 Ng4+ 43. Kd2 Kf6 44. Re1 Ra8 45. Re2 Ra7 46. Bb3 Ra1 47. Re1 Ra8
48. Re2 Ra1 49. Re1 Ra8 1/2-1/2

[Event "Open Portugal 2019"]
[Site "Lisboa POR"]
[Date "2019.02.09"]
[Round "9.41"]
[White "Huse, Sigurd"]
[Black "Korneev Leskova, Svyatoslav"]
[Result "1/2-1/2"]
[WhiteElo "2080"]
[BlackElo "2223"]
[WhiteFideId "1520717"]
[BlackFideId "22267565"]
[WhiteCountry "NOR"]
[BlackCountry "ESP"]
[PlyCount "117"]
[EventDate "2019.02.02"]

1. e4 e6 2. d4 d5 3. Nc3 Bb4 4. exd5 exd5 5. Bd3 c6 6. Nge2 Nf6 7. O-O O-O 8. a3
Bd6 9. Bf4 Bg4 10. f3 Bh5 11. Qd2 Bg6 12. Bxd6 Qxd6 13. Nf4 Nbd7 14. Rfe1 Rae8
15. Bxg6 hxg6 16. Nd3 c5 17. dxc5 Nxc5 18. Kh1 Rxe1+ 19. Rxe1 Ne6 20. Nb4 d4 21.
Ne4 Qd8 22. Nxf6+ Qxf6 23. Nd3 Rc8 24. Kg1 b6 25. Nf2 Qh4 26. Rd1 Rc6 27. Nd3
Qe7 28. Re1 a5 29. Nf4 Qg5 30. Re4 Nxf4 31. Rxf4 Rxc2 32. Qxc2 Qxf4 33. b4 Qe3+
34. Kf1 f5 35. Qc7 axb4 36. axb4 Qd3+ 37. Kf2 Qd2+ 38. Kf1 Qxb4 39. Qd8+ Kf7 40.
Qd5+ Ke7 41. Qe5+ Kf8 42. Qb8+ Kf7 43. Qc7+ Kg8 44. Qd8+ Qf8 45. Qxb6 g5 46.
Qxd4 g6 47. Kf2 Kh7 48. h4 Qe7 49. hxg5 Qxg5 50. g3 Qe7 51. Kg2 g5 52. Qd3 Qe6
53. g4 Kg6 54. Qxf5+ Qxf5 55. gxf5+ Kxf5 56. Kg3 Kg6 57. Kg4 Kf6 58. f4 gxf4 59.
Kxf4 1/2-1/2

[Event "Open Portugal 2019"]
[Site "Lisboa POR"]
[Date "2019.02.09"]
[Round "9.42"]
[White "Fidalgo, André"]
[Black "Soares, Luís"]
[Result "1-0"]
[WhiteElo "2204"]
[BlackElo "2036"]
[WhiteFideId "1933620"]
[BlackFideId "1904124"]
[WhiteTitle "NM"]
[WhiteCountry "POR"]
[BlackCountry "POR"]
[PlyCount "93"]
[EventDate "2019.02.02"]

1. d4 Nf6 2. c4 e6 3. Nf3 d5 4. g3 Bb4+ 5. Bd2 Be7 6. Bg2 c6 7. Qc2 b6 8. O-O
O-O 9. Rd1 Ba6 10. b3 Nbd7 11. a4 c5 12. a5 b5 13. b4 bxc4 14. dxc5 Nxc5 15.
bxc5 Bxc5 16. Bc3 Ne4 17. Bd4 f5 18. Nc3 Bxd4 19. Nxd4 Qf6 20. f4 Rfd8 21. Nxe4
fxe4 22. Rab1 Rac8 23. Bh3 Rd6 24. Qc3 Re8 25. e3 Qd8 26. Rb2 h6 27. Rdb1 Qc7
28. Nb5 Bxb5 29. Rxb5 Qc6 30. Rb7 Rd7 31. Rxd7 Qxd7 32. Qe5 Qc6 33. Bg4 c3 34.
Rc1 c2 35. Qd4 Rb8 36. Kf2 Rb1 37. Qd2 Rb2 38. Ke1 Kf7 39. Qd4 Rb1 40. Kd2 Rxc1
41. Kxc1 Qa6 42. Qc3 d4 43. Qxd4 Qxa5 44. Qd7+ Kf8 45. Qd6+ Kg8 46. Qxe6+ Kf8
47. Qf5+ 1-0

[Event "Open Portugal 2019"]
[Site "Lisboa POR"]
[Date "2019.02.09"]
[Round "9.43"]
[White "Fernandes, Alberto"]
[Black "Martins, Bruno"]
[Result "1-0"]
[WhiteElo "2072"]
[BlackElo "2204"]
[WhiteFideId "1900277"]
[BlackFideId "1942255"]
[WhiteTitle "NM"]
[BlackTitle "NM"]
[WhiteCountry "POR"]
[BlackCountry "POR"]
[PlyCount "117"]
[EventDate "2019.02.02"]

1. c4 Nf6 2. Nc3 g6 3. g3 Bg7 4. Bg2 O-O 5. e4 d6 6. Nge2 e5 7. O-O c5 8. d3 Nc6
9. h3 Nd4 10. Be3 a6 11. Kh2 Nh5 12. Qd2 Rb8 13. Rab1 b5 14. cxb5 axb5 15. b4
Be6 16. f4 exf4 17. Nxf4 Nxf4 18. Bxf4 Ra8 19. bxc5 dxc5 20. Nd5 Qa5 21. Rf2
Bxd5 22. exd5 Qxd2 23. Rxd2 c4 24. dxc4 bxc4 25. Rc1 Rac8 26. Rcd1 Nf5 27. g4 c3
28. Rf2 g5 29. Bxg5 Nd6 30. Bf4 Rfd8 31. Re2 Rc4 32. Kg3 Bf8 33. h4 Rdc8 34. Rc2
Rb4 35. Be5 Nb5 36. d6 Rd8 37. d7 Be7 38. Bd5 h5 39. g5 Bd6 40. Bxd6 Nxd6 41.
Rxc3 Nf5+ 42. Kf2 Rxd7 43. g6 Rf4+ 44. Ke2 Re7+ 45. Kd2 Rd4+ 46. Rd3 Rd7 47.
Rxd4 Nxd4 48. gxf7+ Kf8 49. Kc3 Nf5 50. Bb3 Rxd1 51. Bxd1 Kxf7 52. Bxh5+ Ke6 53.
Bf3 Nxh4 54. Be4 Kd6 55. Kd4 Ke6 56. a4 Kd6 57. a5 Kc7 58. Kc5 Kb8 59. Kb6 1-0

[Event "Open Portugal 2019"]
[Site "Lisboa POR"]
[Date "2019.02.09"]
[Round "9.44"]
[White "Guerreiro, Nuno"]
[Black "Nielsen, André"]
[Result "0-1"]
[WhiteElo "2064"]
[BlackElo "2201"]
[WhiteFideId "1903012"]
[BlackFideId "1518240"]
[BlackTitle "FM"]
[WhiteCountry "POR"]
[BlackCountry "NOR"]
[PlyCount "98"]
[EventDate "2019.02.02"]

1. Nf3 d5 2. c4 d4 3. e3 c5 4. b4 dxe3 5. fxe3 cxb4 6. d4 Nf6 7. Be2 e6 8. O-O
Nc6 9. a3 bxa3 10. Nc3 Bb4 11. Qb3 O-O 12. Bxa3 Bxa3 13. Rxa3 Re8 14. Kh1 Ng4
15. Nb5 a6 16. Ng5 Nh6 17. Qb1 Qxg5 18. Nc7 Qe7 19. Nxe8 Qxa3 20. d5 exd5 21.
cxd5 Ne5 22. Nc7 Rb8 23. Nxa6 Ra8 24. Nc7 Ra5 25. Nb5 Qxe3 26. Re1 Nhg4 27. Bxg4
Rxb5 28. Qa1 Nxg4 29. Rxe3 Nxe3 30. h3 Rxd5 31. Qc3 Rd1+ 32. Kh2 Nf1+ 33. Kg1
Be6 34. Qa5 h6 35. Qa8+ Kh7 36. Qxb7 Bd5 37. Qc8 g6 38. Kf2 h5 39. g4 Nh2 40.
gxh5 Rd2+ 41. Ke3 Nf1+ 42. Kf4 Rf2+ 43. Ke5 Rf5+ 44. Kd6 Rxh5 45. Ke7 Ne3 46.
Kf8 Nf5 47. Qc3 Rh4 48. Qc2 Be6 49. Qc6 Rc4 0-1

[Event "Open Portugal 2019"]
[Site "Lisboa POR"]
[Date "2019.02.09"]
[Round "9.45"]
[White "Li, Yunshan"]
[Black "Harshal, Shahi"]
[Result "1-0"]
[WhiteElo "2196"]
[BlackElo "2064"]
[WhiteFideId "8607664"]
[BlackFideId "5048257"]
[WhiteTitle "WFM"]
[BlackTitle "FM"]
[WhiteCountry "CHN"]
[BlackCountry "IND"]
[PlyCount "65"]
[EventDate "2019.02.02"]

1. d4 Nf6 2. c4 g6 3. Nc3 Bg7 4. e4 d6 5. Nf3 O-O 6. Be2 e5 7. dxe5 dxe5 8. Qxd8
Rxd8 9. Bg5 Na6 10. Nd5 Nxd5 11. cxd5 f6 12. Be3 f5 13. Bc4 h6 14. Rc1 Rd7 15.
d6+ Kh8 16. Bxa6 bxa6 17. dxc7 Bb7 18. Bxa7 Rc8 19. Bb8 Bxe4 20. Nd2 Bd3 21. Nb3
e4 22. Nc5 Re7 23. Nxd3 exd3+ 24. Kd2 Bxb2 25. Rc4 g5 26. Kxd3 Be5 27. Rhc1 Bf4
28. R1c2 Bxh2 29. g3 f4 30. Rd4 Ree8 31. Re2 Rf8 32. g4 Bg1 33. Re7 1-0

[Event "Open Portugal 2019"]
[Site "Lisboa POR"]
[Date "2019.02.09"]
[Round "9.46"]
[White "Gallardo Fernández, César"]
[Black "Slovák, Pavel"]
[Result "1-0"]
[WhiteElo "2194"]
[BlackElo "2010"]
[WhiteFideId "2225280"]
[BlackFideId "318493"]
[WhiteCountry "ESP"]
[BlackCountry "CZE"]
[PlyCount "39"]
[EventDate "2019.02.02"]

1. e4 c5 2. c3 d5 3. exd5 Qxd5 4. d4 Nf6 5. Nf3 Bg4 6. dxc5 Qxc5 7. h3 Bh5 8.
Be3 Qc7 9. Na3 a6 10. Qa4+ Nfd7 11. Nb5 Qc8 12. Bf4 axb5 13. Qxa8 Bxf3 14. gxf3
e5 15. Be3 Qc6 16. O-O-O Be7 17. Qa5 b4 18. Bb5 Qxf3 19. Qc7 Qf5 20. Qxb8+ 1-0

[Event "Open Portugal 2019"]
[Site "Lisboa POR"]
[Date "2019.02.09"]
[Round "9.47"]
[White "Romano, João"]
[Black "Lindbøl, Aleksander"]
[Result "0-1"]
[WhiteElo "2052"]
[BlackElo "2190"]
[WhiteFideId "1938541"]
[BlackFideId "1520644"]
[WhiteCountry "POR"]
[BlackCountry "NOR"]
[PlyCount "66"]
[EventDate "2019.02.02"]

1. d4 Nf6 2. g3 c5 3. d5 e6 4. c4 exd5 5. cxd5 b5 6. Bg2 d6 7. e4 Nbd7 8. Ne2 g6
9. b3 Bg7 10. Bb2 O-O 11. O-O Re8 12. Qc2 Ba6 13. Rd1 Rc8 14. Nd2 Nxd5 15. Bxg7
Kxg7 16. Nf1 Nb4 17. Qc3+ Nf6 18. Ne3 Nc6 19. Nd5 b4 20. Qxf6+ Qxf6 21. Nxf6
Kxf6 22. Rxd6+ Ke7 23. Rd2 Red8 24. Rxd8 Rxd8 25. Bf1 Bxe2 26. Bxe2 Rd2 27. Kf1
Nd4 28. Bd1 Kd6 29. Ke1 Rb2 30. a3 c4 31. bxc4 b3 32. c5+ Kxc5 33. Rc1+ Nc2+ 0-1

[Event "Open Portugal 2019"]
[Site "Lisboa POR"]
[Date "2019.02.09"]
[Round "9.48"]
[White "Jorge, Rita"]
[Black "Maisuradze, Nino"]
[Result "0-1"]
[WhiteElo "1902"]
[BlackElo "2186"]
[WhiteFideId "1923161"]
[BlackFideId "13601717"]
[WhiteTitle "WFM"]
[BlackTitle "WGM"]
[WhiteCountry "POR"]
[BlackCountry "FRA"]
[PlyCount "54"]
[EventDate "2019.02.02"]

1. Nf3 d5 2. d4 c6 3. e3 Bg4 4. Be2 e6 5. O-O Bd6 6. h3 Bh5 7. c4 Nd7 8. Nc3 f5
9. cxd5 exd5 10. Qc2 Qf6 11. Na4 Bxf3 12. Bxf3 Ne7 13. b3 O-O 14. Nb2 f4 15. Nd3
fxe3 16. Bxe3 Qg6 17. Ne1 Nf5 18. Qd2 Rae8 19. Be2 Nf6 20. Bd3 Ne4 21. Qc2 Nxe3
22. fxe3 Rxf1+ 23. Bxf1 Qg3 24. Nf3 Rf8 25. Ne5 Qxe3+ 26. Kh1 Ng3+ 27. Kh2 Nxf1+
0-1

[Event "Open Portugal 2019"]
[Site "Lisboa POR"]
[Date "2019.02.09"]
[Round "9.49"]
[White "Poysti, Nathanael"]
[Black "Mabille, Natacha"]
[Result "1-0"]
[WhiteElo "2172"]
[BlackElo "1896"]
[WhiteFideId "24622133"]
[BlackFideId "218677"]
[WhiteCountry "GER"]
[BlackCountry "BEL"]
[PlyCount "143"]
[EventDate "2019.02.02"]

1. e4 e5 2. Nf3 Nc6 3. Bc4 Nf6 4. d3 Bc5 5. c3 O-O 6. O-O d6 7. h3 a6 8. a4 Ba7
9. Nbd2 Be6 10. Re1 Nh5 11. Nf1 Bxc4 12. dxc4 Qf6 13. Ne3 Ne7 14. Nd5 Nxd5 15.
cxd5 Nf4 16. Bxf4 Qxf4 17. Qd2 Qf6 18. Qg5 Qxg5 19. Nxg5 h6 20. Nf3 f5 21. Nd2
g5 22. exf5 Rxf5 23. Ne4 Raf8 24. Re2 h5 25. Rf1 g4 26. Kh2 R8f7 27. hxg4 hxg4
28. Kg3 Rf4 29. Rh1 Rh7 30. Rxh7 Kxh7 31. Kh4 Kg6 32. g3 Rf3 33. Kxg4 Rd3 34.
Rd2 Rxd2 35. Nxd2 Bxf2 36. Ne4 Be3 37. Kf3 Bc1 38. b3 Ba3 39. g4 c6 40. c4 a5
41. Ke2 Bb4 42. Kd3 Ba3 43. Kc2 Bb4 44. Kb2 Kg7 45. Kc2 Kg6 46. Kd3 Ba3 47. Ke3
Bb4 48. Kf3 Ba3 49. Kg3 Bb4 50. Kh3 Ba3 51. Kh2 Bb4 52. Kh1 Ba3 53. Kg1 Bb4 54.
Kf1 Ba3 55. Ke1 Bb4+ 56. Kf1 Ba3 57. Kf2 Bb4 58. Kf3 Ba3 59. Nf2 Kg5 60. Ke4 Bc5
61. Nd3 Ba3 62. dxc6 bxc6 63. c5 d5+ 64. Kxe5 Kxg4 65. Kd6 Kf5 66. Kxc6 Ke4 67.
Ne1 d4 68. Kb5 d3 69. Nxd3 Kxd3 70. c6 Bd6 71. Kxa5 Kd4 72. Kb6 1-0

[Event "Open Portugal 2019"]
[Site "Lisboa POR"]
[Date "2019.02.09"]
[Round "9.50"]
[White "Santos, António P"]
[Black "Partoens, Remi"]
[Result "0-1"]
[WhiteElo "2162"]
[BlackElo "1904"]
[WhiteFideId "1900161"]
[BlackFideId "237108"]
[WhiteTitle "FM"]
[WhiteCountry "POR"]
[BlackCountry "BEL"]
[PlyCount "58"]
[EventDate "2019.02.02"]

1. d4 Nf6 2. c4 c5 3. d5 e5 4. Nc3 d6 5. e4 Be7 6. Bd3 h5 7. a3 h4 8. b4 b6 9.
h3 Nbd7 10. Nf3 Nf8 11. bxc5 bxc5 12. Rb1 Ng6 13. Bc2 Bd7 14. O-O Nh5 15. Ne2
O-O 16. Ba4 f5 17. Bxd7 Qxd7 18. Qc2 fxe4 19. Qxe4 Nhf4 20. Bxf4 Nxf4 21. Rfe1
Rf7 22. Rb3 Raf8 23. Nxf4 Rxf4 24. Qg6 Rxc4 25. Reb1 Bf6 26. Ng5 Bxg5 27. Rb7
Rc1+ 28. Kh2 Bf4+ 29. g3 Bxg3+ 0-1

[Event "Open Portugal 2019"]
[Site "Lisboa POR"]
[Date "2019.02.09"]
[Round "9.51"]
[White "Reis, Luís Sousa"]
[Black "Marques, Ricardo T T"]
[Result "1/2-1/2"]
[WhiteElo "2146"]
[BlackElo "1911"]
[WhiteFideId "1900609"]
[BlackFideId "1949438"]
[WhiteTitle "NM"]
[WhiteCountry "POR"]
[BlackCountry "POR"]
[PlyCount "155"]
[EventDate "2019.02.02"]

1. e4 e5 2. Bc4 Nc6 3. Nc3 Nf6 4. d3 Bb4 5. Nge2 d5 6. exd5 Nxd5 7. O-O Nxc3 8.
Nxc3 O-O 9. a3 Bxc3 10. bxc3 Be6 11. Bxe6 fxe6 12. Qg4 Rf5 13. Be3 Qd5 14. Rab1
b6 15. a4 Raf8 16. Rb5 Qd7 17. Qe4 a6 18. Rbb1 Qd5 19. c4 Qd6 20. c5 bxc5 21. c3
Qd5 22. Qxd5 exd5 23. Bxc5 Rc8 24. d4 Kf7 25. Rb7 Ke6 26. Re1 g6 27. f3 h5 28.
Kf2 Kd7 29. Ke3 exd4+ 30. cxd4 Re8+ 31. Kf2 Rxe1 32. Kxe1 Kc8 33. Rb2 Rf4 34.
Rd2 Kd7 35. Kf2 h4 36. g3 hxg3+ 37. hxg3 Rf7 38. Ke3 Rh7 39. Kf4 Ke6 40. Kg5 Kf7
41. Rb2 Rh5+ 42. Kg4 Kf6 43. Rb7 Rh7 44. f4 Rf7 45. Rb1 Rh7 46. Re1 Rh2 47. Re8
Rd2 48. Rf8+ Ke6 49. Kg5 Nxd4 50. Rf6+ Kd7 51. Bxd4 Rxd4 52. Kxg6 c5 53. Kf5 c4
54. Ke5 Rd3 55. Rf7+ Kc6 56. Rf8 Rxg3 57. Rc8+ Kd7 58. Rc5 Rd3 59. f5 c3 60. f6
Rf3 61. Rxd5+ Kc6 62. Rd8 Kc5 63. Rc8+ Kb4 64. Kd4 Rxf6 65. Rb8+ Kxa4 66. Kxc3
a5 67. Kb2 Rf2+ 68. Ka1 Ka3 69. Kb1 Rf1+ 70. Kc2 a4 71. Ra8 Rf2+ 72. Kb1 Rb2+
73. Ka1 Rb4 74. Rh8 Rd4 75. Rh3+ Kb4 76. Ka2 Re4 77. Rf3 a3 78. Rb3+ 1/2-1/2

[Event "Open Portugal 2019"]
[Site "Lisboa POR"]
[Date "2019.02.09"]
[Round "9.52"]
[White "Silva, Gonçalo"]
[Black "Pérez García, Roberto"]
[Result "1-0"]
[WhiteElo "2027"]
[BlackElo "2141"]
[WhiteFideId "1915100"]
[BlackFideId "2217708"]
[WhiteCountry "POR"]
[BlackCountry "ESP"]
[PlyCount "125"]
[EventDate "2019.02.02"]

1. e4 c5 2. Nf3 d6 3. Bb5+ Bd7 4. Bxd7+ Qxd7 5. O-O Nc6 6. c3 Nf6 7. Re1 e6 8.
d4 cxd4 9. cxd4 d5 10. e5 Ng8 11. Nc3 Nge7 12. Bg5 h6 13. Bd2 Nf5 14. Bf4 Be7
15. g4 Nh4 16. Nxh4 Bxh4 17. Be3 O-O 18. Rf1 f6 19. f4 fxe5 20. fxe5 Rxf1+ 21.
Qxf1 Rf8 22. Qd3 Bg5 23. Rf1 Rxf1+ 24. Kxf1 Bxe3 25. Qxe3 Qf7+ 26. Kg2 Qg6 27.
Kg3 Qc2 28. b3 a6 29. Na4 Qd1 30. Nc5 Nxd4 31. Nd7 b5 32. b4 Ne2+ 33. Kh4 Qf1
34. g5 Nf4 35. Qc3 Qf2+ 36. Qg3 Ng6+ 37. Kh5 Qf5 38. Qg4 Qf7 39. Nc5 Nxe5+ 40.
g6 Qf6 41. Qxe6+ Qxe6 42. Nxe6 Nd3 43. a3 Nb2 44. Kg4 Nc4 45. Kf5 Nxa3 46. Nc5
Nc2 47. Nxa6 Kf8 48. Ke5 d4 49. Ke4 Ke7 50. Kd3 Ne1+ 51. Kxd4 Kd6 52. Nc5 Nf3+
53. Ke4 Nh4 54. Nb3 Nxg6 55. Nd4 Ne7 56. Nxb5+ Kc6 57. Nd4+ Kd6 58. Nf5+ Nxf5
59. Kxf5 g5 60. Kg6 Kd5 61. Kxh6 Kc4 62. Kxg5 Kxb4 63. Kh4 1-0

[Event "Open Portugal 2019"]
[Site "Lisboa POR"]
[Date "2019.02.09"]
[Round "9.54"]
[White "Storme, Isak"]
[Black "Martins, Diogo"]
[Result "1/2-1/2"]
[WhiteElo "2290"]
[BlackElo "1993"]
[WhiteFideId "1728113"]
[BlackFideId "1926934"]
[WhiteTitle "FM"]
[WhiteCountry "SWE"]
[BlackCountry "POR"]
[PlyCount "70"]
[EventDate "2019.02.02"]

1. d4 Nf6 2. Nf3 g6 3. Nbd2 d5 4. b4 Bg7 5. e3 O-O 6. Be2 Bf5 7. c4 dxc4 8. Nxc4
c6 9. O-O Nbd7 10. a4 Nb6 11. Na5 Qc7 12. b5 Nbd5 13. Bd2 Ne4 14. Rc1 Nec3 15.
Bxc3 Nxc3 16. Rxc3 Qxa5 17. Rc5 cxb5 18. Rxb5 Qc7 19. Rc5 Qd6 20. Qb3 b6 21. Rc3
Rac8 22. Ba6 Rxc3 23. Qxc3 Be4 24. Nd2 Bc6 25. Qc4 e5 26. Rc1 Bd5 27. Qc7 Qxc7
28. Rxc7 exd4 29. exd4 Rd8 30. Nf3 Bxf3 31. gxf3 Rxd4 32. Bc4 Rf4 33. Kg2 Be5
34. Rc8+ Kg7 35. Bb5 a5 1/2-1/2

[Event "Open Portugal 2019"]
[Site "Lisboa POR"]
[Date "2019.02.09"]
[Round "9.55"]
[White "Hernandez Munoz, Antonio Ramon"]
[Black "Myrheim, Håkon"]
[Result "1/2-1/2"]
[WhiteElo "2249"]
[BlackElo "1993"]
[WhiteFideId "22241280"]
[BlackFideId "1526820"]
[WhiteCountry "ESP"]
[BlackCountry "NOR"]
[PlyCount "33"]
[EventDate "2019.02.02"]

1. d4 Nf6 2. Nf3 e6 3. c4 d5 4. g3 dxc4 5. Bg2 Bd7 6. Ne5 Bc6 7. Nxc6 Nxc6 8.
Qa4 Qd7 9. Qxc4 Nxd4 10. O-O c5 11. Nc3 Rd8 12. a4 Nd5 13. e3 Nb6 14. Qa2 Nc2
15. a5 Nc8 16. Rd1 Bd6 17. Rb1 1/2-1/2

[Event "Open Portugal 2019"]
[Site "Lisboa POR"]
[Date "2019.02.09"]
[Round "9.56"]
[White "Corbalán Gómez, Juan José"]
[Black "Fidalgo, Daniel"]
[Result "1-0"]
[WhiteElo "2235"]
[BlackElo "1981"]
[WhiteFideId "2260492"]
[BlackFideId "1934279"]
[WhiteCountry "ESP"]
[BlackCountry "POR"]
[PlyCount "57"]
[EventDate "2019.02.02"]

1. d4 e6 2. Nf3 f5 3. g3 Nf6 4. Bg2 g6 5. O-O Bg7 6. c4 O-O 7. Nc3 d5 8. Bf4 c6
9. b3 Nbd7 10. Qc2 Ne4 11. Rad1 h6 12. Nxe4 dxe4 13. Ne5 g5 14. Nxd7 Bxd7 15.
Bd6 Rf7 16. f3 exf3 17. Bxf3 g4 18. Bg2 Qg5 19. Bf4 Qe7 20. c5 e5 21. dxe5 Bxe5
22. Rxd7 Qxd7 23. Bxe5 Re8 24. Bf4 Qe6 25. Re1 Rd8 26. e4 Rfd7 27. Bd6 Re8 28.
Bf1 Kh8 29. Bc4 1-0

[Event "Open Portugal 2019"]
[Site "Lisboa POR"]
[Date "2019.02.09"]
[Round "9.57"]
[White "Sismeiro, Miguel"]
[Black "Pietruszewski, Marcin"]
[Result "1-0"]
[WhiteElo "1997"]
[BlackElo "2226"]
[WhiteFideId "1950975"]
[BlackFideId "1170295"]
[WhiteCountry "POR"]
[BlackCountry "POL"]
[PlyCount "119"]
[EventDate "2019.02.02"]

1. e4 c5 2. Nf3 e6 3. d4 cxd4 4. Nxd4 a6 5. Bd3 Nf6 6. O-O d6 7. Qe2 g6 8. c4
Bg7 9. Be3 O-O 10. Nc3 Qc7 11. Rfd1 b6 12. Rac1 Bb7 13. f3 Nbd7 14. Qf2 Rfe8 15.
Bf1 Rac8 16. Nc2 Red8 17. Na3 Bf8 18. b4 d5 19. cxd5 Bxb4 20. dxe6 Bxc3 21. exd7
Rxd7 22. Rxd7 Qxd7 23. Nc4 Ba5 24. Bxb6 Bb4 25. Ne5 Qe7 26. Rxc8+ Bxc8 27. Nc6
Qd6 28. Nxb4 Qxb4 29. Qd4 Qxd4+ 30. Bxd4 Nd7 31. Bc4 Bb7 32. Kf2 Kf8 33. Ke3 Ke7
34. e5 Nf8 35. Bc5+ Ke8 36. Bxf8 Kxf8 37. g3 Ke7 38. f4 Bc8 39. a3 a5 40. Kd4
Be6 41. Bxe6 Kxe6 42. g4 h6 43. Ke4 a4 44. f5+ Ke7 45. h4 Kd7 46. fxg6 fxg6 47.
Kd5 Ke7 48. g5 hxg5 49. hxg5 Kd7 50. e6+ Ke8 51. Kc4 Ke7 52. Kb4 Kxe6 53. Kxa4
Kf5 54. Kb4 Kxg5 55. a4 Kf4 56. a5 g5 57. a6 g4 58. a7 g3 59. a8=Q Ke3 60. Qg2
1-0

[Event "Open Portugal 2019"]
[Site "Lisboa POR"]
[Date "2019.02.09"]
[Round "9.58"]
[White "Boucquet, Emile"]
[Black "Barbier, Astrid"]
[Result "0-1"]
[WhiteElo "2213"]
[BlackElo "1945"]
[WhiteFideId "233161"]
[BlackFideId "200395"]
[WhiteCountry "BEL"]
[BlackCountry "BEL"]
[PlyCount "82"]
[EventDate "2019.02.02"]

1. e4 g6 2. d4 Bg7 3. c4 d6 4. Nc3 Nf6 5. f3 O-O 6. Nge2 c6 7. Be3 a5 8. g4 Nbd7
9. Ng3 e5 10. d5 cxd5 11. cxd5 Nc5 12. Qd2 a4 13. h4 b6 14. h5 Ba6 15. Bxa6 Rxa6
16. Rd1 Ra7 17. Qh2 Bh8 18. Nb5 Rb7 19. Bh6 Re8 20. Nf5 Nfxe4 21. fxe4 gxf5 22.
gxf5 f6 23. Rg1+ Bg7 24. Qh4 Kh8 25. Bxg7+ Rxg7 26. Kf2 Reg8 27. Rg6 Qd7 28. Nc3
b5 29. a3 Rf8 30. Rdg1 Rfg8 31. Rxg7 Rxg7 32. Qxf6 Nxe4+ 33. Nxe4 Qa7+ 34. Ke2
Qxg1 35. h6 Qg4+ 36. Kd2 Qf4+ 37. Kc3 Qe3+ 38. Kb4 Qd4+ 39. Ka5 Qa7+ 40. Kxb5
Qb7+ 41. Kc4 Qb3# 0-1

[Event "Open Portugal 2019"]
[Site "Lisboa POR"]
[Date "2019.02.09"]
[Round "9.59"]
[White "Taranin, Konstantin"]
[Black "Real, Thibault"]
[Result "0-1"]
[WhiteElo "1976"]
[BlackElo "2211"]
[WhiteFideId "24109002"]
[BlackFideId "205559"]
[WhiteCountry "RUS"]
[BlackCountry "BEL"]
[PlyCount "46"]
[EventDate "2019.02.02"]

1. e4 c5 2. Nf3 e6 3. d4 cxd4 4. Nxd4 Nc6 5. a3 Qc7 6. Nc3 a6 7. Be3 Nf6 8. Be2
b5 9. O-O Bb7 10. f4 Bc5 11. Nf5 Qb6 12. Nd6+ Ke7 13. Bf2 Bxf2+ 14. Rxf2 Ne8 15.
Nxf7 Rf8 16. Ng5 Rxf4 17. Nf3 Nd6 18. Qd2 Raf8 19. Rd1 Ne5 20. Nxe5 Qxf2+ 21.
Kh1 Qf1+ 22. Bxf1 Rxf1+ 23. Rxf1 Rxf1# 0-1

[Event "Open Portugal 2019"]
[Site "Lisboa POR"]
[Date "2019.02.09"]
[Round "9.60"]
[White "Ermeni, Avni"]
[Black "Roque, Armando"]
[Result "1-0"]
[WhiteElo "2194"]
[BlackElo "1946"]
[WhiteFideId "912840"]
[BlackFideId "1939149"]
[WhiteTitle "FM"]
[WhiteCountry "KOS"]
[BlackCountry "POR"]
[PlyCount "55"]
[EventDate "2019.02.02"]

1. c4 g6 2. Nc3 c5 3. g3 Nc6 4. Bg2 d6 5. d3 Bf5 6. Nf3 Qd7 7. h3 h6 8. Nd5 Bg7
9. Qa4 Rc8 10. e4 Be6 11. Nf4 Nd4 12. Qd1 Nxf3+ 13. Qxf3 Nf6 14. Rb1 O-O 15. O-O
g5 16. Nxe6 fxe6 17. Qe2 e5 18. f4 gxf4 19. gxf4 exf4 20. Bxf4 e5 21. Be3 Kh8
22. Rf5 Ng8 23. Qg4 Rf6 24. Rbf1 Rcf8 25. R1f2 b6 26. b3 Kh7 27. Qh4 Qe7 28. Bg5
1-0

[Event "Open Portugal 2019"]
[Site "Lisboa POR"]
[Date "2019.02.09"]
[Round "9.61"]
[White "Kubicka, Anna"]
[Black "Ladisic, Alex-Sacha"]
[Result "1-0"]
[WhiteElo "2186"]
[BlackElo "1934"]
[WhiteFideId "1152254"]
[BlackFideId "610631"]
[WhiteTitle "WIM"]
[WhiteCountry "POL"]
[BlackCountry "FRA"]
[PlyCount "45"]
[EventDate "2019.02.02"]

1. d4 Nf6 2. Nc3 c5 3. d5 e5 4. e4 d6 5. Bd3 Be7 6. Nge2 Nbd7 7. O-O a6 8. a4 h5
9. h3 h4 10. f4 exf4 11. Bxf4 Nh5 12. Bh2 Ne5 13. Bxe5 dxe5 14. Qe1 Rh6 15. Qf2
Rf6 16. Qe3 Qc7 17. Rxf6 Nxf6 18. Bc4 Bd7 19. Qf2 O-O-O 20. Qxh4 g5 21. Qf2 Rh8
22. Rd1 Rh7 23. d6 1-0

[Event "Open Portugal 2019"]
[Site "Lisboa POR"]
[Date "2019.02.09"]
[Round "9.62"]
[White "Pipiras, Filipa"]
[Black "Ferreira, Hugo"]
[Result "0-1"]
[WhiteElo "1964"]
[BlackElo "2136"]
[WhiteFideId "1944894"]
[BlackFideId "1915940"]
[WhiteCountry "POR"]
[BlackCountry "POR"]
[PlyCount "74"]
[EventDate "2019.02.02"]

1. d4 c5 2. d5 e5 3. e4 d6 4. Bd3 Qc7 5. Nc3 Bd7 6. Qe2 Nf6 7. h3 h6 8. f4 a6 9.
a4 Be7 10. Be3 Qa5 11. fxe5 dxe5 12. Nf3 c4 13. Bxc4 Nxe4 14. Bd2 Nxd2 15. Qxd2
O-O 16. Ne4 Qb6 17. d6 Bd8 18. a5 Qa7 19. b4 Bc6 20. Qe2 Nd7 21. Nfd2 Nf6 22.
Nc5 Nd7 23. Qf2 Qb8 24. Nxd7 Bxd7 25. O-O Qxd6 26. Bxf7+ Kh8 27. Qe2 Qxb4 28.
Bb3 Bxa5 29. Nf3 Bc7 30. Rfb1 Qc5+ 31. Kh1 Bc6 32. Rf1 e4 33. Nh4 Qd6 34. g4 e3+
35. Nf3 Rxf3 36. Rxf3 Bxf3+ 37. Qxf3 Qh2# 0-1

[Event "Open Portugal 2019"]
[Site "Lisboa POR"]
[Date "2019.02.09"]
[Round "9.63"]
[White "Eggert, Alberto"]
[Black "Woithe, Daniel"]
[Result "1-0"]
[WhiteElo "2132"]
[BlackElo "1921"]
[WhiteFideId "4139500"]
[BlackFideId "16244648"]
[WhiteCountry "RUS"]
[BlackCountry "GER"]
[PlyCount "71"]
[EventDate "2019.02.02"]

1. d4 d5 2. Nc3 Nf6 3. Bf4 e6 4. e3 Bd6 5. Bd3 Bxf4 6. exf4 a6 7. Nf3 Qd6 8. g3
c5 9. dxc5 Qxc5 10. O-O O-O 11. Ne5 b5 12. g4 Nc6 13. g5 Nxe5 14. gxf6 Nxd3 15.
Qg4 g6 16. cxd3 h6 17. Rfe1 Rd8 18. Re5 Bd7 19. Rae1 Qf8 20. d4 b4 21. Ne2 Bb5
22. Ng3 Kh7 23. R1e3 Rac8 24. h4 Rc2 25. h5 Qg8 26. Rg5 hxg5 27. Qxg5 Rc7 28.
Qh4 g5 29. fxg5 Qf8 30. g6+ fxg6 31. hxg6+ Kxg6 32. Qg4+ Kh7 33. Nf5 Kh8 34. Ne7
Rc1+ 35. Kh2 Qh6+ 36. Rh3 1-0